Central Library OPAC University of Rajshahi

Fundamental mathematics / (Record no. 79818)

MARC details
000 -LEADER
fixed length control field 00565nam a2200217 a 4500
001 - CONTROL NUMBER
control field 79818
003 - CONTROL NUMBER IDENTIFIER
rucl marc code BD-RjUL
005 - DATE AND TIME OF LATEST TRANSACTION
control field 20220518160837.0
008 - FIXED-LENGTH DATA ELEMENTS--GENERAL INFORMATION
fixed length control field 220518s1955 |||||||| |||| 00| 0 eng d
035 ## - SYSTEM CONTROL NUMBER
System control number (BD-RjUL)79818
040 ## - CATALOGING SOURCE
Original cataloging agency BD-RjUL
Language of cataloging eng
Transcribing agency BD-RjUL
041 ## - LANGUAGE CODE
Language code of text/sound track or separate title eng
082 ## - DEWEY DECIMAL CLASSIFICATION NUMBER
Edition number 23
Classification number 510
Author mark and year MAF 1955
100 ## - MAIN ENTRY--PERSONAL NAME
Personal name May, Kenneth O.
9 (RLIN) 3063
245 ## - TITLE STATEMENT
Title Fundamental mathematics /
Statement of responsibility, etc. Kenneth O. May.
260 ## - PUBLICATION, DISTRIBUTION, ETC. (IMPRINT)
Place of publication, distribution, etc. Cambridge :
Name of publisher, distributor, etc. Addison-Wesley,
Date of publication, distribution, etc. 1955
300 ## - PHYSICAL DESCRIPTION
Pagination v.
Illustrations ill.;
Size 27 cm.
505 01 - FORMATTED CONTENTS NOTE
Formatted contents note Vol.1 --
650 ## - SUBJECT ADDED ENTRY--TOPICAL TERM
Topical term or geographic name as entry element Mathematics
9 (RLIN) 3064
942 ## - ADDED ENTRY ELEMENTS (KOHA)
Source of classification or shelving scheme Dewey Decimal Classification
Koha item type Books
Holdings
Lost status Source of classification or shelving scheme Damaged status Not for loan Collection code Permanent Location Current Location Shelving location Date acquired Source of acquisition Full call number Date last seen Copy number Koha item type
  Dewey Decimal Classification   Not For Loan Non-fiction Central Library, University of Rajshahi Central Library, University of Rajshahi Reading Room 29/09/1959 Asia Foundation 510 MAF V-1 1955 18/05/2022 C-1 Books